000 00877nam a22002771 4500
001 6641
003 BD-RjUL
005 20211208234302.0
008 140111s1948 nyu 001 0 eng d
035 _a(BD-RjUL)6682
040 _aDLC/ICU
_cICU
_dDLC
_dBD-RjUL
_beng
041 1 _aengger
082 0 0 _a517.38
_bHOI 1948
100 1 _aHopf, Ludwig,
_d1884-
_920870
245 1 0 _aIntroduction to the differential equations of physics
_ctr. by Walter Nef.
260 _aNew York :
_bDover Publications,
_c1948.
300 _av, 154 p. ;
_c20 cm.
504 _aIncludes index.
650 0 _aDifferential equations.
_920872
700 1 _aNef, Walter,
_d1919-
_etr.
_920873
942 _2ddc
_cBK
999 _c6641
_d6641